[Event "ICS rated blitz match"]
[Site "204.178.125.65"]
[Date "2000.03.04"]
[Round "?"]
[White "stormx"]
[Black "Hossa"]
[Result "0-1"]
[WhiteElo "2183"]
[BlackElo "2466"]
[PlyCount "124"]

1. e4 e5 2. Nf3 Nc6 3. d4 exd4 4. Nxd4 Bc5 5. Be3 Qf6 6. c3 Nge7 7. Nb5 Bxe3 8.
fxe3 Qh4+ 9. g3 Qxe4 10. Nxc7+ Kf8 11. Nxa8 Qxh1 12. Qe2 Ne5 13. Nd2 d6 14. e4
Bg4 15. Qe3 Qxh2 16. Nc7 Kg8 17. Nb5 Nc8 18. Nxa7 Nxa7 19. Qxa7 Qxg3+ 20. Qf2
Nd3+ 21. Bxd3 Qxd3 22. c4 Qh3 23. Qf4 h5 24. Rc1 Rh6 25. Rc3 Qh1+ 26. Qf1 Qh4+
27. Qf2 Qxf2+ 28. Kxf2 h4 29. Ke3 g5 30. Rb3 h3 31. Nf1 h2 32. Nxh2 Rxh2 33.
Rxb7 Be6 34. Kd3 g4 35. Rb5 Kh7 36. a4 Rh3+ 37. Kd4 g3 38. a5 d5 39. Ke3 g2+
40. Kf2 Rg3 41. Kg1 dxe4 42. Re5 Bxc4 43. Rxe4 Bf1 44. Rf4 Kg6 45. b4 f5 46.
Rh4 Rb3 47. Kf2 Kg5 48. Rh7 Rxb4 49. a6 Rb2+ 50. Kg1 Bxa6 51. Rg7+ Kf4 52. Rxg2
Rxg2+ 53. Kxg2 Ke3 54. Kh3 f4 55. Kg4 f3 56. Kf5 f2 57. Ke6 f1=Q 58. Ke7 Ke4
59. Kd6 Qf6+ 60. Kc7 Kf4 61. Kd7 Ke5 62. Ke8 Bb5# 0-1

[Event "ICS rated blitz match"]
[Site "204.178.125.65"]
[Date "2000.03.04"]
[Round "?"]
[White "Hossa"]
[Black "stormx"]
[Result "1/2-1/2"]
[WhiteElo "2471"]
[BlackElo "2178"]
[PlyCount "102"]

1. e4 d5 2. exd5 Nf6 3. d4 Nxd5 4. Nf3 e6 5. c4 Nf6 6. Be3 Bb4+ 7. Nbd2 Nc6 8.
Be2 O-O 9. O-O Bxd2 10. Qxd2 Bd7 11. Rae1 a5 12. Qc2 a4 13. Qc3 Rc8 14. Bd3 Qe7
15. Bg5 h6 16. Bh4 Qb4 17. Qc1 Ne8 18. Qb1 Nd6 19. d5 exd5 20. cxd5 Nd4 21.
Nxd4 Qxd4 22. Be7 Rfe8 23. Bh7+ Kh8 24. Bxd6 cxd6 25. Rd1 Qf4 26. Bc2 Re2 27.
Bd3 Re5 28. Rfe1 Rxd5 29. Re7 Bc6 30. Rde1 Rg5 31. Be4 d5 32. Bd3 Qf3 33. g3 d4
34. Be4 Bxe4 35. R1xe4 Rf5 36. Re8+ Rxe8 37. Rxe8+ Kh7 38. Qc2 d3 39. Qd2 Qd5
40. h3 Rf3 41. h4 Qc5 42. Kg2 Qc6 43. Rd8 Rxg3+ 44. Kxg3 Qc7+ 45. Kf3 Qxd8 46.
Ke3 Qe7+ 47. Kf3 Qd7 48. Ke3 Qe7+ 49. Kf3 Qd7 50. Ke3 Qe7+ 51. Kf3 Qd7 1/2-1/2

[Event "ICS rated blitz match"]
[Site "204.178.125.65"]
[Date "2000.03.04"]
[Round "?"]
[White "PostModernist"]
[Black "Hossa"]
[Result "1-0"]
[WhiteElo "2587"]
[BlackElo "2460"]
[PlyCount "135"]

1. d4 d5 2. Nf3 Nf6 3. e3 e6 4. Bd3 c5 5. c3 Bd6 6. Nbd2 O-O 7. O-O Nc6 8. h3
Bd7 9. b3 cxd4 10. exd4 e5 11. dxe5 Nxe5 12. Nxe5 Bxe5 13. Bb2 Rc8 14. Qf3 Qc7
15. Rac1 Rfe8 16. a4 Bc6 17. Qd1 Bf4 18. Rc2 Ne4 19. Nf3 Nc5 20. g3 Bh6 21. Nd4
Bd7 22. Bf5 g6 23. Bxd7 Qxd7 24. g4 Qd8 25. Qf3 Ne4 26. Rd1 Qh4 27. Qg2 Bg7 28.
Nf3 Qd8 29. c4 Bxb2 30. Rxb2 Qf6 31. Rc2 dxc4 32. g5 Qa6 33. Nd4 c3 34. Nb5 Qe6
35. Nd4 Qd5 36. h4 Rcd8 37. Rd3 Qd6 38. Re2 Qa6 39. Qf3 Nd2 40. Rxe8+ Rxe8 41.
Qh3 Qb6 42. Re3 Rd8 43. Ne2 c2 44. Nc1 Qb4 45. Rc3 Qe4 46. Re3 Qf4 47. Qg3 Qb4
48. Kg2 Rf8 49. Rd3 Re8 50. f3 Nb1 51. Qf2 Na3 52. Re3 Rd8 53. Re4 Qc3 54. Re3
Qa1 55. Re1 b6 56. Qe3 b5 57. Qxa7 Rd1 58. Re8+ Kg7 59. Qc5 Rg1+ 60. Kf2 Rf1+
61. Kxf1 Qxc1+ 62. Kf2 Qd2+ 63. Kg3 Qf4+ 64. Kxf4 c1=Q+ 65. Qxc1 Nc2 66. Qb2+
Nd4 67. Qxd4+ f6 68. Qxf6# 1-0

[Event "ICS rated bullet match"]
[Site "204.178.125.65"]
[Date "2000.03.04"]
[Round "?"]
[White "KCtan"]
[Black "Hossa"]
[Result "1-0"]
[WhiteElo "2086"]
[BlackElo "2327"]
[PlyCount "123"]

1. d4 d5 2. c3 Nf6 3. Bf4 Bf5 4. Qb3 Qc8 5. e3 e6 6. Nf3 Be7 7. h3 O-O 8. Qd1
c5 9. Bd3 Bxd3 10. Qxd3 cxd4 11. exd4 Qc6 12. Nbd2 Nbd7 13. O-O Bd6 14. Bxd6
Qxd6 15. Rfe1 Qf4 16. Qe3 Qf5 17. Ne5 Nxe5 18. dxe5 Nd7 19. Nf3 Nb6 20. Nd4 Qg6
21. f4 Qh6 22. f5 Qxe3+ 23. Rxe3 Nc4 24. Re2 exf5 25. Nxf5 Rfe8 26. Rae1 h5 27.
Nd6 Red8 28. Nxc4 dxc4 29. e6 fxe6 30. Rxe6 Rd2 31. R1e2 Rad8 32. Kf2 Rf8+ 33.
Ke1 Rxe2+ 34. Kxe2 Kf7 35. Re4 Re8 36. Rxe8 Kxe8 37. Ke3 Kd7 38. Kd4 Ke6 39.
Kxc4 Ke5 40. Kc5 g5 41. b4 Kf4 42. Kd6 Ke4 43. c4 Kd4 44. c5 Kc4 45. a3 Kb3 46.
b5 Kxa3 47. c6 bxc6 48. bxc6 a5 49. c7 Kb3 50. c8=Q g4 51. hxg4 hxg4 52. Qxg4
Ka3 53. Kc5 Kb3 54. Qf3+ Kc2 55. Kb5 a4 56. Kxa4 Kd2 57. Kb4 Ke1 58. g3 Kd2 59.
Kc4 Kc2 60. Qe2+ Kb1 61. Kc3 Kc1 62. Qc2# 1-0

[Event "ICS rated bullet match"]
[Site "204.178.125.65"]
[Date "2000.03.04"]
[Round "?"]
[White "KCtan"]
[Black "Hossa"]
[Result "1/2-1/2"]
[WhiteElo "2104"]
[BlackElo "2309"]
[PlyCount "114"]

1. d4 Nf6 2. Bf4 g6 3. Nd2 Nh5 4. Be5 f6 5. Bg3 Nxg3 6. hxg3 e5 7. c3 exd4 8.
cxd4 Nc6 9. Ngf3 d5 10. e3 Bg4 11. a3 Bg7 12. Qb3 Rb8 13. Rc1 Na5 14. Qc2 O-O
15. Bd3 Qe8 16. b4 Nc6 17. O-O Bxf3 18. Nxf3 Rf7 19. Nd2 Rd7 20. Nb3 f5 21. Bb5
Rd6 22. Nc5 Nxd4 23. Bxe8 Nxc2 24. Rxc2 Rxe8 25. Nxb7 Rd7 26. Nc5 Rde7 27. Nb3
Be5 28. Rfc1 Kg7 29. Kf1 g5 30. Na5 Rd7 31. Nc6 Bf6 32. Nd4 Bxd4 33. exd4 Ree7
34. Re1 Rxe1+ 35. Kxe1 h6 36. Kd2 Re7 37. Rc5 Rd7 38. f3 f4 39. g4 Kf6 40. Rc6+
Rd6 41. Rxc7 Ra6 42. Rc3 Ke7 43. Kd3 Kd7 44. Kc2 Re6 45. Rd3 Re1 46. Rd2 Ke6
47. Kb3 Kd7 48. Ka4 Rc1 49. Kb5 Rc3 50. a4 Rc4 51. a5 Rc6 52. Ka4 Rc1 53. Kb5
Rc6 54. Ka4 Rc1 55. Kb5 Rc6 56. Ka4 Rc1 57. Kb5 Rc6 1/2-1/2

[Event "ICS rated bullet match"]
[Site "204.178.125.65"]
[Date "2000.03.04"]
[Round "?"]
[White "Hossa"]
[Black "KCtan"]
[Result "1/2-1/2"]
[WhiteElo "2301"]
[BlackElo "2112"]
[PlyCount "183"]

1. e4 c5 2. Nf3 Nc6 3. d4 cxd4 4. Nxd4 g6 5. c4 Nf6 6. Nc3 d6 7. Be2 Nxd4 8.
Qxd4 Bg7 9. O-O O-O 10. Bg5 Be6 11. Qe3 Qb6 12. Qxb6 axb6 13. f4 Rfc8 14. e5
dxe5 15. fxe5 Nd7 16. Nd5 Bxd5 17. cxd5 Bxe5 18. Bb5 Nf6 19. Rad1 Kg7 20. d6
exd6 21. Bxf6+ Bxf6 22. Rxd6 Bxb2 23. a4 Rc7 24. Kh1 Rac8 25. Rxb6 Bd4 26. Rd6
Be3 27. g4 Rc1 28. Rxc1 Rxc1+ 29. Kg2 Rc2+ 30. Kf3 Bc5 31. Rd7 b6 32. h4 h6 33.
g5 Rc3+ 34. Rd3 Rxd3+ 35. Bxd3 hxg5 36. hxg5 f6 37. gxf6+ Kxf6 38. Ke4 g5 39.
Be2 Ke6 40. Bh5 Kd6 41. Bg4 Ba3 42. Bc8 Kc5 43. Be6 Bc1 44. Bg4 Kb4 45. Bd7 Kc3
46. Kd5 Be3 47. Ke4 Kd2 48. Bg4 Bc5 49. Kf5 Be3 50. Ke4 Bf4 51. Bh5 Ke1 52. Kf3
Kf1 53. Be8 Kg1 54. Bc6 Kh2 55. Bb5 Kh3 56. Bd7+ Kh4 57. Bf5 Bd6 58. Be6 Bc5
59. Bf5 Bb4 60. Bg4 Bc5 61. Bf5 Bb4 62. Bg4 Bc5 63. Bf5 Bb4 64. Bg4 Bc5 65. Bf5
Bb4 66. Bg4 Bc5 67. Bf5 Bb4 68. Bg4 Bc5 69. Bf5 Kh5 70. Bg4+ Kh6 71. Ke4 Kg6
72. Kd3 Kf6 73. Ke4 Bg1 74. Bd7 Kg6 75. Be8+ Kf6 76. Bd7 Ke7 77. Bg4 Kd6 78.
Kf5 Be3 79. Ke4 Bf4 80. Kd4 Be5+ 81. Ke4 Bf4 82. Kd4 Bc1 83. Kc4 Ke5 84. Kb5
Be3 85. a5 bxa5 86. Kxa5 Kf4 87. Bh3 g4 88. Bg2 Kg3 89. Bh1 Kf2 90. Kb5 g3 91.
Kc4 g2 92. Bxg2 1/2-1/2

[Event "ICS rated bullet match"]
[Site "204.178.125.65"]
[Date "2000.03.04"]
[Round "?"]
[White "KCtan"]
[Black "Hossa"]
[Result "0-1"]
[WhiteElo "2120"]
[BlackElo "2293"]
[PlyCount "36"]

1. d4 d5 2. Bf4 c5 3. Nf3 cxd4 4. Bxb8 Qa5+ 5. c3 Rxb8 6. Qxd4 Nf6 7. Nbd2 Bd7
8. e3 e6 9. Be2 Bc5 10. Qd3 Qc7 11. Nb3 Bb6 12. O-O e5 13. Qd2 O-O 14. a4 a5
15. Bb5 Bg4 16. Qd1 e4 17. h3 exf3 18. hxg4 Nxg4 0-1

[Event "ICS rated bullet match"]
[Site "204.178.125.65"]
[Date "2000.03.04"]
[Round "?"]
[White "Hossa"]
[Black "KCtan"]
[Result "1-0"]
[WhiteElo "2343"]
[BlackElo "2070"]
[PlyCount "103"]

1. e4 d6 2. d4 Nf6 3. Nc3 g6 4. f4 Bg7 5. Nf3 O-O 6. Bd3 Na6 7. O-O c5 8. d5
Rb8 9. Kh1 Bg4 10. h3 Bxf3 11. Rxf3 Nc7 12. Bd2 b5 13. Qe1 b4 14. Ne2 a5 15. f5
Nd7 16. Rb1 Ne5 17. fxg6 Nxf3 18. gxh7+ Kh8 19. gxf3 e6 20. Qg3 exd5 21. exd5
Nxd5 22. Bg5 Qd7 23. Rg1 f5 24. Nf4 Nxf4 25. Bxf4 Rbd8 26. Bxd6 Rf7 27. Bxc5 f4
28. Qg2 Qc6 29. Bf2 Rxd3 30. cxd3 Qh6 31. Bd4 Qxh7 32. Bxg7+ Rxg7 33. Qxg7+
Qxg7 34. Rxg7 Kxg7 35. d4 Kf6 36. h4 Kf5 37. h5 Kg5 38. d5 Kxh5 39. d6 Kh4 40.
Kg2 a4 41. d7 b3 42. d8=Q+ Kh5 43. Qf6 bxa2 44. Qf5+ Kh6 45. Qxf4+ Kh5 46. Qxa4
a1=Q 47. Qxa1 Kg5 48. Qa6 Kf4 49. Qe6 Kg5 50. Kg3 Kh5 51. Kf4 Kh4 52. Qg4# 1-0

[Event "ICS rated standard match"]
[Site "204.178.125.65"]
[Date "2000.03.04"]
[Round "?"]
[White "Hossa"]
[Black "tartaruga"]
[Result "0-1"]
[WhiteElo "2192"]
[BlackElo "2371"]
[PlyCount "144"]

1. c4 Nf6 2. Nf3 c5 3. e3 e6 4. Be2 Be7 5. O-O O-O 6. d4 d5 7. cxd5 exd5 8.
dxc5 Bxc5 9. Qc2 Qe7 10. Bd2 Nc6 11. Rc1 Bb6 12. Bd3 Re8 13. Bc3 Ne4 14. Rd1
Bg4 15. Nbd2 Bh5 16. Rf1 Rad8 17. Rac1 Nxc3 18. bxc3 Bg6 19. Bxg6 fxg6 20. Qb3
Kh8 21. Rfe1 Ba5 22. Rcd1 Rd7 23. e4 dxe4 24. Rxe4 Qd8 25. Rde1 Rxe4 26. Nxe4
Re7 27. Re2 h6 28. Nh4 Ne5 29. Ng3 Kh7 30. Qc2 Bb6 31. Rd2 Qf8 32. Re2 Qf6 33.
Nf3 Nxf3+ 34. gxf3 Rc7 35. f4 Qxf4 36. Re6 Qf7 37. Re2 Qf6 38. c4 Bd4 39. Qd3
Qf4 40. Qd2 Qxd2 41. Rxd2 Rxc4 42. Kg2 g5 43. Nf5 Bc5 44. Rd7 Kg6 45. Nxg7 Rc2
46. Ne6 Bxf2 47. Rxb7 Bb6+ 48. Kg3 Rxa2 49. h3 Rb2 50. Nf8+ Kh5 51. Rh7 a5 52.
Rd7 a4 53. Ne6 Rb3+ 54. Kg2 a3 55. Rd6 g4 56. Ng7+ Kh4 57. Nf5+ Kg5 58. Nd4
gxh3+ 59. Kh2 Rb2+ 60. Kxh3 a2 61. Ne6+ Kf5 62. Ng7+ Kf4 63. Nh5+ Ke5 64. Rd1
Rb1 65. Rd2 a1=Q 66. Re2+ Kf5 67. Ng3+ Kf4 68. Re4+ Kf3 69. Nf1 Rxf1 70. Re2
Rh1+ 71. Rh2 Qf1+ 72. Kh4 Rxh2# 0-1

[Event "ICS rated blitz match"]
[Site "204.178.125.65"]
[Date "2000.03.04"]
[Round "?"]
[White "NSg3"]
[Black "Hossa"]
[Result "1-0"]
[WhiteElo "2126"]
[BlackElo "2450"]
[PlyCount "117"]

1. d4 Nf6 2. c4 e6 3. Nf3 b6 4. g3 Ba6 5. b3 Bb4+ 6. Bd2 Be7 7. Nc3 O-O 8. e4
d5 9. e5 Ne4 10. cxd5 Nxc3 11. Bxc3 Bxf1 12. Kxf1 exd5 13. Kg2 c6 14. Rc1 Ba3
15. Rc2 a5 16. Bb2 Bxb2 17. Rxb2 Qe7 18. Rc2 Qd7 19. Re1 Re8 20. Qc1 Qf5 21.
Ree2 Ra7 22. Qf4 Qg6 23. Qg5 Rd7 24. Qxg6 hxg6 25. h4 Rde7 26. g4 f6 27. g5 Re6
28. gxf6 gxf6 29. Kf1 Kg7 30. exf6+ Kxf6 31. Rxe6+ Rxe6 32. Re2 Rxe2 33. Kxe2
c5 34. Ke3 Nc6 35. dxc5 bxc5 36. Kf4 Nd4 37. Nxd4 cxd4 38. a3 Ke7 39. Kf3 d3
40. Ke3 d2 41. Kxd2 Kf6 42. Kd3 Ke5 43. b4 axb4 44. axb4 Kf6 45. Kd4 Kf5 46. b5
Kf4 47. b6 Kf3 48. b7 Ke2 49. b8=Q Kxf2 50. Qg8 Kf3 51. Qxg6 Kf2 52. h5 Kf3 53.
h6 Kf2 54. Qe6 Kf3 55. h7 Kg2 56. h8=Q Kg3 57. Qf8 Kg2 58. Qg6+ Kh2 59. Qh8#
1-0

[Event "ICS rated blitz match"]
[Site "204.178.125.65"]
[Date "2000.03.04"]
[Round "?"]
[White "marabu"]
[Black "Hossa"]
[Result "1/2-1/2"]
[WhiteElo "2199"]
[BlackElo "2397"]
[PlyCount "167"]

1. d3 d5 2. g3 e5 3. Bg2 c6 4. e4 dxe4 5. dxe4 Qxd1+ 6. Kxd1 Bc5 7. Ke2 Nf6 8.
Be3 Bxe3 9. Kxe3 c5 10. c3 Bd7 11. Bh3 Bb5 12. Nd2 O-O 13. Bf1 Ba4 14. h3 Nbd7
15. b3 Bc6 16. Bg2 Rfd8 17. Ne2 a5 18. Rhd1 a4 19. Nf1 a3 20. Rd6 Ne8 21. Rd2
f5 22. f3 fxe4 23. fxe4 Nef6 24. Rad1 Rf8 25. g4 Nb6 26. Nfg3 g6 27. c4 Rae8
28. Nc3 Nfd7 29. Nd5 Nc8 30. Rf2 Rxf2 31. Kxf2 Rf8+ 32. Ke3 h6 33. Rf1 Rxf1 34.
Bxf1 Kf7 35. Bd3 Nf6 36. Bb1 b5 37. Bd3 bxc4 38. Bxc4 Bxd5 39. Bxd5+ Ke7 40.
Bc4 Na7 41. Ne2 Nc6 42. Nc3 Nb4 43. Nb5 Nxa2 44. Nxa3 Nc3 45. Bd3 Kd7 46. Nc4
Ke6 47. Nd2 Ke7 48. Bc4 Kd8 49. Nf3 Nd1+ 50. Ke2 Nc3+ 51. Kd3 Ncxe4 52. Nxe5
Nf2+ 53. Ke2 Nxh3 54. Nxg6 Nxg4 55. Kf3 Nf6 56. Ne5 Ng5+ 57. Kf4 Ke7 58. Nd3
Nge4 59. Kf5 h5 60. Nf4 Ng3+ 61. Kg5 Nfe4+ 62. Kh4 Kd6 63. Nxh5 Nf5+ 64. Kg4
Ke5 65. Bg8 Nh6+ 66. Kf3 Nxg8 67. Ke3 Ngf6 68. Ng7 Ng3 69. Kd3 Nf5 70. Nxf5
Kxf5 71. Kc4 Ne4 72. Kb5 Ke5 73. Kc4 Kd6 74. Kb5 Kd5 75. Ka4 Nc3+ 76. Ka3 Ke4
77. Kb2 Kd3 78. Ka3 Kc2 79. b4 c4 80. b5 Nxb5+ 81. Kb4 Kd3 82. Kxb5 c3 83. Kc5
c2 84. Kd5 1/2-1/2

[Event "ICS rated blitz match"]
[Site "204.178.125.65"]
[Date "2000.03.04"]
[Round "?"]
[White "Hossa"]
[Black "marabu"]
[Result "1-0"]
[WhiteElo "2389"]
[BlackElo "2207"]
[PlyCount "29"]

1. e4 e6 2. d4 d5 3. Nc3 Bb4 4. e5 Ne7 5. a3 Bxc3+ 6. bxc3 O-O 7. Bd3 c5 8. Nf3
c4 9. Bxh7+ Kxh7 10. Ng5+ Kg6 11. h4 Qa5 12. Qg4 f5 13. h5+ Kh6 14. Nxe6+ f4
15. Qxg7# 1-0

[Event "ICS rated blitz match"]
[Site "204.178.125.65"]
[Date "2000.03.04"]
[Round "?"]
[White "marabu"]
[Black "Hossa"]
[Result "0-1"]
[WhiteElo "2199"]
[BlackElo "2397"]
[PlyCount "92"]

1. d4 Nf6 2. c4 d6 3. Nc3 e5 4. dxe5 dxe5 5. Qxd8+ Kxd8 6. Bg5 Be6 7. e4 Kc8 8.
Bxf6 gxf6 9. O-O-O Nc6 10. Bd3 Bh6+ 11. Kb1 Rg8 12. g3 Rd8 13. f3 Nd4 14. b3
Be3 15. Nce2 c5 16. Nxd4 cxd4 17. Bf1 Kd7 18. Ne2 f5 19. Bh3 fxe4 20. Bxe6+
Kxe6 21. fxe4 f5 22. exf5+ Kxf5 23. Rhf1+ Ke6 24. g4 Rf8 25. Kc2 Rxf1 26. Rxf1
Rg8 27. h3 Rg6 28. Ng3 Rh6 29. Rh1 Kf7 30. Nf5 Rf6 31. Nxe3 dxe3 32. Kd3 Rf3
33. Ke4 Rf2 34. Kxe3 Rxa2 35. Kd3 Ke6 36. h4 Rg2 37. g5 Rg3+ 38. Kc2 e4 39. Ra1
a6 40. b4 Rh3 41. b5 axb5 42. cxb5 Kd6 43. Ra7 Kc7 44. Ra4 Rxh4 45. Kd2 e3+ 46.
Kxe3 Rxa4 0-1

[Event "ICS rated standard match"]
[Site "204.178.125.65"]
[Date "2000.03.04"]
[Round "?"]
[White "germanicus"]
[Black "Hossa"]
[Result "1-0"]
[WhiteElo "2381"]
[BlackElo "2184"]
[PlyCount "115"]

1. d4 Nf6 2. Nf3 e6 3. Bg5 c5 4. Nc3 cxd4 5. Nxd4 Bb4 6. Ndb5 d5 7. e4 a6 8. a3
Ba5 9. b4 axb5 10. bxa5 Qxa5 11. Bxf6 gxf6 12. Qd4 b4 13. Qxf6 O-O 14. Rd1 Nd7
15. axb4 Nxf6 16. bxa5 dxe4 17. Ra1 Rd8 18. g4 Rd4 19. g5 Ng4 20. h3 Ne5 21.
Bg2 Nf3+ 22. Ke2 Nxg5 23. h4 Nf3 24. Ke3 Rb4 25. Nxe4 Ne5 26. Rhd1 Ng4+ 27. Ke2
Kg7 28. Nd6 Rf4 29. Rf1 Rb8 30. Rab1 Rd4 31. Rfd1 Rf4 32. f3 Nf6 33. a6 b6 34.
a7 Ra8 35. Ra1 Bd7 36. Ne4 Bc6 37. Rd6 Bxe4 38. fxe4 Ng4 39. Kd3 Rf2 40. Bf1
Rf3+ 41. Kd2 Nf2 42. Bd3 Nxd3 43. cxd3 f5 44. e5 b5 45. Rxe6 Rf2+ 46. Ke3 Rh2
47. Re7+ Kh6 48. Ra6+ Kh5 49. Rxh7+ Kg4 50. Rg7+ Kh5 51. Kf4 Rf2+ 52. Kg3 f4+
53. Kxf2 Rd8 54. Rg5+ Kxh4 55. Rg2 Kh5 56. Ra1 Rxd3 57. Rh1+ Rh3 58. Rxh3# 1-0

[Event "ICS rated blitz match"]
[Site "204.178.125.65"]
[Date "2000.03.04"]
[Round "?"]
[White "HaraldLdahl"]
[Black "Hossa"]
[Result "1/2-1/2"]
[WhiteElo "2237"]
[BlackElo "2405"]
[PlyCount "178"]

1. e4 c6 2. d4 d5 3. e5 Bf5 4. Nc3 e6 5. g4 Bg6 6. Nge2 c5 7. h4 h6 8. Be3 cxd4
9. Nxd4 Bb4 10. Qd2 Nd7 11. h5 Bh7 12. a3 Bxc3 13. Qxc3 Rc8 14. Qd2 Nxe5 15.
Bb5+ Nd7 16. f4 Ngf6 17. Qb4 Nxg4 18. Bf2 Nxf2 19. Kxf2 Bxc2 20. Rhg1 g6 21.
Rac1 Be4 22. Qd6 Qh4+ 23. Ke3 Rd8 24. Rc7 Qe7 25. Qxe7+ Kxe7 26. hxg6 a6 27.
Bxd7 Rxd7 28. Rxd7+ Kxd7 29. gxf7 Rf8 30. Nb3 Kd6 31. Rg7 Ke7 32. Nc5 Rxf7 33.
Rxf7+ Kxf7 34. Nxb7 h5 35. Nc5 h4 36. Nxe4 dxe4 37. Kxe4 Kf6 38. b4 h3 39. Kf3
Kf5 40. a4 h2 41. Kg2 Kxf4 42. b5 axb5 43. axb5 Ke5 44. Kxh2 Kd5 45. Kg3 Kc5
46. Kf4 Kb6 47. Ke5 Kc7 48. Kxe6 Kc8 49. Kd6 Kb7 50. Kc5 Kc7 51. Kd5 Kb7 52.
Kc4 Kb8 53. Kc5 Kc7 54. Kb4 Kb6 55. Ka4 Kb7 56. Ka5 Ka7 57. Ka4 Kb6 58. Kb4 Kb7
59. Kc5 Kc7 60. Kb4 Kb6 61. Ka4 Kb7 62. Kb4 Kb8 63. Kc5 Kc7 64. Kc4 Kd6 65. Kb4
Kc7 66. Ka5 Kb7 67. Ka4 Kb8 68. Kb4 Kb7 69. Ka5 Ka7 70. Kb4 Kb8 71. Kc5 Kb7 72.
Kc4 Kc8 73. Kc5 Kc7 74. Kb4 Kc8 75. Ka5 Kb7 76. Kb4 Ka8 77. Kc5 Kb7 78. Kb4 Ka8
79. Ka5 Ka7 80. Kb4 Kb8 81. Kc5 Kb7 82. Kc4 Kc8 83. Kb4 Kb8 84. Ka5 Ka7 85. Kb4
Kb8 86. Kc5 Kc7 87. Kb4 Kb8 88. Kc4 Kb7 89. Kc5 Kc7 1/2-1/2

[Event "ICS rated bullet match"]
[Site "204.178.125.65"]
[Date "2000.03.04"]
[Round "?"]
[White "Hossa"]
[Black "red-day"]
[Result "1-0"]
[WhiteElo "2364"]
[BlackElo "2189"]
[PlyCount "71"]

1. e4 e5 2. Nf3 Nc6 3. Bb5 Bc5 4. c3 Nge7 5. O-O a6 6. Ba4 b5 7. Bc2 Bb7 8. d4
O-O 9. dxc5 d6 10. cxd6 Qxd6 11. Qe2 Ng6 12. Rd1 Qc5 13. Be3 Qe7 14. Bg5 f6 15.
Bb3+ Kh8 16. Bc1 Nf4 17. Bxf4 exf4 18. Bd5 Rfe8 19. Qd2 Na5 20. Bxb7 Nxb7 21.
Qxf4 Qxe4 22. Qxe4 Rxe4 23. Rd7 Kg8 24. Rxc7 g5 25. Rxb7 g4 26. Nfd2 Re1+ 27.
Nf1 f5 28. f4 Rae8 29. Ra7 Rd8 30. Rxa6 Rdd1 31. Ra8+ Kg7 32. Nbd2 Rxd2 33.
Rxe1 Rxb2 34. Ra7+ Kg6 35. Re6+ Kh5 36. Rxh7# 1-0

[Event "ICS rated blitz match"]
[Site "204.178.125.65"]
[Date "2000.03.04"]
[Round "?"]
[White "Hossa"]
[Black "PostModernist"]
[Result "0-1"]
[WhiteElo "2398"]
[BlackElo "2597"]
[PlyCount "146"]

1. e4 c6 2. d4 Na6 3. Nf3 Nc7 4. Nc3 g6 5. e5 Bg7 6. Bc4 d5 7. exd6 Qxd6 8. Ne4
Qb4+ 9. Nfd2 Be6 10. c3 Qb6 11. Nc5 O-O-O 12. a4 Nd5 13. a5 Qc7 14. a6 b6 15.
Nxe6 fxe6 16. Qg4 Qd7 17. Nf3 Ngf6 18. Qh3 Rdf8 19. Ne5 Qd6 20. Bd3 Nh5 21. Nc4
Qd7 22. Be4 Nhf4 23. Bxf4 Rxf4 24. f3 Rff8 25. Ra3 Nf4 26. Qg4 Qc7 27. b4 h5
28. Qg3 e5 29. dxe5 Bxe5 30. Qf2 g5 31. O-O Bd6 32. Rd1 g4 33. Kh1 Ne6 34. Qa2
Ng5 35. Nxd6+ exd6 36. c4 Nxe4 37. fxe4 Rf4 38. c5 Re8 39. Qd2 Rfxe4 40. Qf2
dxc5 41. bxc5 Qe7 42. Raa1 Qxc5 43. Qf7 Qe7 44. Qf5+ Qe6 45. Qf2 Re2 46. Qf1 c5
47. Rab1 h4 48. Rdc1 h3 49. Qf4 hxg2+ 50. Kg1 Re7 51. Qf8+ Kc7 52. Qf4+ Kd7 53.
Rd1+ Kc6 54. Rd2 Rxd2 55. Qxd2 Qe2 56. Qg5 Rd7 57. h4 Rd2 58. Qf6+ Kd5 59. Qf5+
Kd6 60. Qf6+ Kd7 61. Qf7+ Kc8 62. Qb7+ Kd8 63. Qb8+ Ke7 64. Qxa7+ Rd7 65. Qb7
Rxb7 66. axb7 g3 67. Re1 Qxe1+ 68. Kxg2 Qf2+ 69. Kh3 Qh2+ 70. Kg4 g2 71. Kf5
g1=Q 72. b8=Q Qh3+ 73. Ke5 Qd4# 0-1

[Event "ICS rated blitz match"]
[Site "204.178.125.65"]
[Date "2000.03.04"]
[Round "?"]
[White "Hossa"]
[Black "Amateur"]
[Result "0-1"]
[WhiteElo "2390"]
[BlackElo "2513"]
[PlyCount "102"]

1. e4 c5 2. Nf3 Nc6 3. d4 cxd4 4. Nxd4 e5 5. Nb5 d6 6. N1c3 a6 7. Na3 Nf6 8.
Bg5 Be7 9. Qd2 b5 10. Bxf6 Bxf6 11. Nd5 O-O 12. Nxf6+ Qxf6 13. Bd3 Qg6 14. O-O
Bh3 15. f4 exf4 16. Rf2 Ne5 17. Qxf4 Rac8 18. Qe3 Ng4 19. Qxh3 Nxf2 20. Qf3
Nxd3 21. Qxd3 Rce8 22. Re1 f5 23. e5 dxe5 24. Qb3+ Qf7 25. c4 bxc4 26. Nxc4 e4
27. Rf1 Rc8 28. Rc1 e3 29. Qd3 Rfd8 30. Qf1 Qe6 31. b3 e2 32. Qf3 e1=Q+ 33.
Rxe1 Qxe1+ 34. Qf1 Qxf1+ 35. Kxf1 Rxc4 36. bxc4 Rc8 37. Ke2 Rxc4 38. Ke3 Rc2
39. Kf4 Rxa2 40. Kxf5 a5 41. h4 a4 42. g4 a3 43. g5 Rc2 44. Ke4 a2 45. Kd3 Rh2
46. Ke4 a1=Q 47. g6 Qe1+ 48. Kd4 Rd2+ 49. Kc5 Qc1+ 50. Kb4 Rb2+ 51. Ka5 Qa1#
0-1

[Event "ICS rated blitz match"]
[Site "204.178.125.65"]
[Date "2000.03.04"]
[Round "?"]
[White "Hossa"]
[Black "Slivovitz"]
[Result "1-0"]
[WhiteElo "2383"]
[BlackElo "2054"]
[PlyCount "77"]

1. e4 e5 2. Nf3 Nc6 3. Bb5 Nf6 4. O-O Nxe4 5. d4 Nd6 6. Bxc6 dxc6 7. dxe5 Nf5
8. Qxd8+ Kxd8 9. Nc3 h6 10. Bf4 Be7 11. Rfd1+ Ke8 12. Rd3 Be6 13. Rad1 Rd8 14.
Rxd8+ Bxd8 15. a4 Be7 16. h3 g5 17. Bd2 Kf8 18. Ne2 Bd5 19. Ba5 b6 20. Bc3 Bxf3
21. gxf3 Ke8 22. a5 Rh7 23. a6 Bd8 24. Ng3 Nxg3 25. fxg3 Rg7 26. e6 f6 27.
Rxd8+ Kxd8 28. Bxf6+ Re7 29. f4 gxf4 30. gxf4 Ke8 31. Bxe7 Kxe7 32. f5 c5 33.
Kf2 b5 34. Ke3 c4 35. Kf4 c5 36. Ke5 b4 37. f6+ Ke8 38. Kd6 c3 39. bxc3 1-0

[Event "ICS rated blitz match"]
[Site "204.178.125.65"]
[Date "2000.03.04"]
[Round "?"]
[White "Slivovitz"]
[Black "Hossa"]
[Result "0-1"]
[WhiteElo "2050"]
[BlackElo "2387"]
[PlyCount "26"]

1. e4 c5 2. Nc3 d6 3. g3 Nc6 4. h3 Nf6 5. Bg2 e6 6. d3 Be7 7. f4 d5 8. Bd2 O-O
9. Nf3 c4 10. Rb1 cxd3 11. cxd3 Nb4 12. Qe2 dxe4 13. dxe4 Nh5 0-1

[Event "ICS rated blitz match"]
[Site "204.178.125.65"]
[Date "2000.03.04"]
[Round "?"]
[White "PostModernist"]
[Black "Hossa"]
[Result "1-0"]
[WhiteElo "2592"]
[BlackElo "2412"]
[PlyCount "93"]

1. d4 Nf6 2. c4 g6 3. Nc3 Bg7 4. e4 d6 5. Be2 O-O 6. Bg5 h6 7. Bh4 Nfd7 8. Nf3
c5 9. d5 Nb6 10. Bg3 f5 11. exf5 Bxf5 12. O-O Bxc3 13. bxc3 Rf6 14. Nh4 e5 15.
dxe6 Bxe6 16. Be5 Rf7 17. Qd3 Qg5 18. Qxd6 Bxc4 19. f4 Qxh4 20. Qxg6+ Kf8 21.
Bd6+ Re7 22. g3 Qh3 23. Bxe7+ Kxe7 24. Rfe1 Kd8 25. Bg4 Qxg4 26. Qxg4 Kc7 27.
f5 N8d7 28. Qf4+ Kd8 29. f6 Bf7 30. Qxh6 Kc7 31. Re7 Bc4 32. f7 Nd5 33. Re8 Rc8
34. Qg7 N5f6 35. Rxc8+ Kxc8 36. f8=Q+ Nxf8 37. Qxf8+ Ne8 38. Rd1 a6 39. Qxe8+
Kc7 40. Qd8+ Kc6 41. Rd6+ Kb5 42. Qb6+ Ka4 43. Qxc5 a5 44. Qxc4+ Ka3 45. Rb6 a4
46. Qb4+ Kxa2 47. Qxa4# 1-0

[Event "ICS rated bullet match"]
[Site "204.178.125.65"]
[Date "2000.03.04"]
[Round "?"]
[White "Hullio"]
[Black "Hossa"]
[Result "0-1"]
[WhiteElo "2330"]
[BlackElo "2366"]
[PlyCount "50"]

1. d4 Nf6 2. c3 e6 3. Bg5 d5 4. Nd2 Nbd7 5. e3 Bd6 6. Bd3 h6 7. Bxf6 Nxf6 8. f4
Bd7 9. Ngf3 Ng4 10. Qe2 c5 11. O-O Qb6 12. Rab1 cxd4 13. cxd4 Rc8 14. Ne5 Nxe5
15. fxe5 Bb4 16. Rf2 Qa5 17. Rbf1 O-O 18. Nf3 Qxa2 19. Nh4 Be7 20. Qh5 Qb3 21.
Rxf7 Qxd3 22. Rxf8+ Rxf8 23. Rxf8+ Bxf8 24. Nf3 Qxe3+ 25. Kf1 Bb5# 0-1

[Event "ICS rated blitz match"]
[Site "204.178.125.65"]
[Date "2000.03.04"]
[Round "?"]
[White "Hossa"]
[Black "Slivovitz"]
[Result "1-0"]
[WhiteElo "2404"]
[BlackElo "2086"]
[PlyCount "69"]

1. Nf3 d6 2. d4 Nf6 3. e3 g6 4. Bd3 Bg7 5. e4 O-O 6. Bd2 Nbd7 7. O-O e5 8. c3
c6 9. Bg5 h6 10. Bh4 g5 11. Bg3 Nh5 12. Nxe5 Nxg3 13. Nxd7 Nxf1 14. Nxf8 Nxh2
15. Kxh2 Qxf8 16. Qh5 Qe7 17. Kg1 Be6 18. Nd2 Rf8 19. a3 f5 20. exf5 Bxf5 21.
Bxf5 Rxf5 22. Rd1 Rf8 23. Nc4 d5 24. Ne3 Qf7 25. Qe2 Re8 26. Re1 Bf8 27. Qg4
Qe6 28. Qh5 Qf7 29. Qh3 Qe6 30. Qh2 Bd6 31. Qh5 Bf8 32. Re2 Qf7 33. Qh1 Kg7 34.
Ng4 Kh7 35. Rxe8 1-0

[Event "ICS rated blitz match"]
[Site "204.178.125.65"]
[Date "2000.03.04"]
[Round "?"]
[White "Slivovitz"]
[Black "Hossa"]
[Result "0-1"]
[WhiteElo "2082"]
[BlackElo "2408"]
[PlyCount "60"]

1. e4 e5 2. Nf3 Nc6 3. Bc4 Nf6 4. d3 Be7 5. Nc3 d6 6. h3 Na5 7. Be3 Nxc4 8.
dxc4 O-O 9. Qd2 Be6 10. b3 c6 11. O-O-O Qa5 12. Kb1 Qa3 13. Qc1 Qb4 14. Qb2
Rfd8 15. a3 Qa5 16. Ng5 d5 17. Nxe6 fxe6 18. cxd5 Bxa3 19. Qa1 cxd5 20. exd5
exd5 21. Bg5 d4 22. Bxf6 gxf6 23. Ne4 f5 24. Ng5 Rac8 25. f4 Qb4 26. fxe5 d3
27. Rxd3 Rxd3 28. Qa2 Rxc2 29. Qxc2 Rxb3+ 30. Ka1 Qd4+ 0-1